| 000 | 01051nam a22002537a 4500 | ||
|---|---|---|---|
| 003 | SISC | ||
| 005 | 20180201101843.0 | ||
| 008 | 180201b xxu||||| |||| 00| 0 eng d | ||
| 050 | _aHF 5550 .C39 | ||
| 100 | _aCayanan, Arthur S. | ||
| 245 |
_aBusiness finance: _bspecialized subject academic-ABM / _cArthur S. Cayanan, Arthur P. Barrido, Diogenes C. Dy, Jerelleen A. Rodriguez, Rachelleen A. Rodriguez, Al-Habbyel B. Yusoph |
||
| 260 |
_aQuezon City: _bCommission on Higher Education, _c2016. |
||
| 300 |
_a325 pages; _c28 cm. |
||
| 440 | _aTeaching guide for senior high school | ||
| 500 | _aThis teaching guide by the Commission on Higher Education is licensed under a Creative Commons Attribution-NonCommercial-ShareAlike 4.0 International License. | ||
| 650 |
_2Library of Congress Subject Headings _aBusiness finance |
||
| 700 | _aBarrido, Arthur P. | ||
| 700 | _aDy, Diogenes C. | ||
| 700 | _aRodriguez, Jerelleen A. | ||
| 700 | _aRodriguez, Rachelleen A. | ||
| 700 | _aYusoph, Al-Habbyel B. | ||
| 942 |
_2lcc _cBK |
||
| 999 |
_c354637 _d354637 |
||